Corporate Governance - koniec škandálom v EÚ
Odporúčania Európskej komisie na redefinovanie a následnú legislatívnu úpravu Corporate Governance. Efektívnejšie fungovanie predstavenstiev a dozorných rád a zvýšenie manažérskej zodpovednosti. Založenie fóra zloženého z významných európskych expertov v oblasti Corporate Governance. Uplatňovanie pr...
Salvato in:
| Autore principale: | |
|---|---|
| Natura: | Capitolo di libro |
| Lingua: | slovacco |
| Soggetti: | |
| Tags: |
Nessun Tag, puoi essere il primo ad aggiungerne!!
|
MARC
| LEADER | 00000naa$a2200000$$$4500 | ||
|---|---|---|---|
| 001 | 0022413 | ||
| 005 | 20230926070710.1 | ||
| 041 | 0 | |a slo | |
| 044 | |a SK | ||
| 245 | 1 | 0 | |a Corporate Governance - koniec škandálom v EÚ |c Peter Bachratý |
| 520 | |a Odporúčania Európskej komisie na redefinovanie a následnú legislatívnu úpravu Corporate Governance. Efektívnejšie fungovanie predstavenstiev a dozorných rád a zvýšenie manažérskej zodpovednosti. Založenie fóra zloženého z významných európskych expertov v oblasti Corporate Governance. Uplatňovanie prísnejších kritérií na nezávislosť a vykonávanie dozoru nad korektným fungovaním spoločnosti. | ||
| 610 | 2 | 0 | |a správa podniku |
| 610 | 2 | 0 | |a predstavenstvo |
| 610 | 2 | 0 | |a manažment |
| 610 | 2 | 0 | |a riadenie strategické |
| 610 | 2 | 0 | |a etika |
| 610 | 2 | 0 | |a krajiny vyspelé |
| 610 | 2 | 0 | |a Európska únia |
| 100 | 1 | |a Bachratý, Peter | |